[Event "Olympiad-41"]
[Site "Tromsoe"]
[Date "2014.08.02"]
[Round "1.1"]
[White "Kamsky, Gata"]
[Black "Emojong, Elijah"]
[Result "1-0"]
[WhiteElo "2706"]
[BlackElo "2334"]
[PlyCount "33"]
[EventDate "2014.08.02"]
[EventType "team-swiss"]
[EventRounds "11"]
[EventCountry "NOR"]
[SourceTitle "CBM 162"]
[Source "ChessBase"]
[SourceDate "2014.09.17"]
[SourceVersion "1"]
[SourceVersionDate "2014.09.17"]
[SourceQuality "1"]
[WhiteTeam "US of America"]
[BlackTeam "Uganda"]
[WhiteTeamCountry "USA"]
[BlackTeamCountry "UGA"]

1. d4 d5 2. Nf3 c6 3. Bf4 Nf6 4. e3 Bg4 5. c4 Qb6 6. Qb3 dxc4 7. Bxc4 e6 8.
Nbd2 Nh5 9. Bxb8 Bxf3 10. Bxa7 Qxb3 11. axb3 Bxg2 12. Rg1 Bd5 13. Ke2 Bd6 14.
e4 Bxc4+ 15. Nxc4 Ke7 16. h4 g6 17. Na5 1-0

[Event "Olympiad-41"]
[Site "Tromsoe"]
[Date "2014.08.03"]
[Round "2.1"]
[White "Cuartas, Jaime Alexander"]
[Black "Kamsky, Gata"]
[Result "1/2-1/2"]
[WhiteElo "2489"]
[BlackElo "2706"]
[PlyCount "133"]
[EventDate "2014.08.02"]
[EventType "team-swiss"]
[EventRounds "11"]
[EventCountry "NOR"]
[SourceTitle "CBM 162"]
[Source "ChessBase"]
[SourceDate "2014.09.17"]
[SourceVersion "1"]
[SourceVersionDate "2014.09.17"]
[SourceQuality "1"]
[WhiteTeam "Colombia"]
[BlackTeam "US of America"]
[WhiteTeamCountry "COL"]
[BlackTeamCountry "USA"]

1. e4 c6 2. d4 d5 3. Nc3 g6 4. h3 Bg7 5. Nf3 dxe4 6. Nxe4 Nd7 7. Bc4 Nb6 8. Bb3
Nh6 9. O-O Nf5 10. c3 Nd5 11. Re1 O-O 12. Ne5 a5 13. a4 Qc7 14. Nc5 b6 15. Ncd3
Ba6 16. Nf4 e6 17. Qf3 Rad8 18. Nxd5 cxd5 19. Bf4 Qc8 20. Ng4 f6 21. Ne3 Nd6
22. Bxd6 Rxd6 23. Qg3 Qb8 24. Nc2 Kh8 25. Na3 e5 26. dxe5 fxe5 27. Rad1 d4 28.
Nc4 Bxc4 29. Bxc4 Qd8 30. b3 dxc3 31. Rxd6 Qxd6 32. Qxc3 e4 33. Qc2 Bd4 34.
Rxe4 Bxf2+ 35. Kh1 Qf6 36. Qc1 Bc5 37. Qe1 Bb4 38. Qe3 Bc5 39. Qe1 Bb4 40. Qe3
Rd8 41. Re8+ Rxe8 42. Qxe8+ Kg7 43. Qd7+ Kh6 44. Qf7 Qe5 45. Qf2 Bc5 46. Qd2+
Be3 47. Qe1 Qe4 48. Qe2 Qe5 49. Qe1 Kg7 50. Qe2 h5 51. Qf3 Bc5 52. g3 Qe1+ 53.
Bf1 h4 54. gxh4 Qxh4 55. Bc4 Qe1+ 56. Qf1 Qg3 57. Qg2 Qe3 58. Qf1 Bd6 59. Qd3
Qe1+ 60. Kg2 Bc5 61. Qe2 Qg1+ 62. Kf3 Qd4 63. Bd3 Qf6+ 64. Kg2 Qf4 65. Qb2+ Bd4
66. Qe2 Be5 67. Qg4 1/2-1/2

[Event "Olympiad-41"]
[Site "Tromsoe"]
[Date "2014.08.05"]
[Round "4.2"]
[White "Kamsky, Gata"]
[Black "Steel, Henry Robert"]
[Result "0-1"]
[WhiteElo "2706"]
[BlackElo "2399"]
[PlyCount "175"]
[EventDate "2014.08.02"]
[EventType "team-swiss"]
[EventRounds "11"]
[EventCountry "NOR"]
[SourceTitle "CBM 162"]
[Source "ChessBase"]
[SourceDate "2014.09.17"]
[SourceVersion "1"]
[SourceVersionDate "2014.09.17"]
[SourceQuality "1"]
[WhiteTeam "US of America"]
[BlackTeam "South Africa"]
[WhiteTeamCountry "USA"]
[BlackTeamCountry "RSA"]

1. e4 c5 2. Nf3 e6 3. Nc3 d6 4. Bc4 Nf6 5. O-O Be7 6. a3 O-O 7. Ba2 Nc6 8. d3
Rb8 9. Re1 b5 10. Ne2 a5 11. Ng3 b4 12. c3 Ba6 13. d4 bxc3 14. bxc3 Nd7 15. Bf4
e5 16. Be3 cxd4 17. cxd4 exd4 18. Nxd4 Nxd4 19. Bxd4 Ne5 20. Rb1 g6 21. Rxb8
Qxb8 22. f4 Nd3 23. Nf5 Re8 24. Nh6+ Kf8 25. Qa1 Rc8 26. Bxf7 Bh4 27. Rf1 Rc2
28. f5 Ne5 29. fxg6 Bxf1 30. Qxf1 hxg6 31. Bxg6+ Bf2+ 32. Bxf2 Kg7 33. Bh5 Kxh6
34. Be3+ Kg7 35. h4 Qc8 36. Qd1 Qc6 37. Qe1 Kh7 38. Bg5 Qc5+ 39. Kh2 Qf2 40.
Qxf2 Rxf2 41. Be7 Rd2 42. Be8 Rd3 43. g3 Ng6 44. Bd8 Rxa3 45. h5 Ne5 46. Bc7
Re3 47. Bxa5 Rxe4 48. Kh3 Re2 49. Bc7 Rd2 50. g4 Kh6 51. Bb5 Kg5 52. Kg3 Nxg4
53. Bd8+ Nf6 54. h6 Kg6 55. Kf3 Rh2 56. Bc7 Rh3+ 57. Kg2 Rb3 58. Be2 Ne4 59.
Bf3 Rb2+ 60. Kg1 Ng5 61. Bg2 Rd2 62. Bb6 Kxh6 63. Be3 Ra2 64. Bf4 Ra6 65. Bf1
Rb6 66. Kf2 Kg6 67. Bd3+ Kf6 68. Ke3 Nf7 69. Bc4 Ne5 70. Bg8 Ra6 71. Ke4 Ra4+
72. Ke3 Ra8 73. Bh7 Ke6 74. Bc2 Ra3+ 75. Ke2 d5 76. Bh7 d4 77. Be4 Ra2+ 78. Kf1
Nc4 79. Ke1 Ne3 80. Bg3 Rb2 81. Bc7 Nd5 82. Bg3 Nf6 83. Bd3 Kd5 84. Bf4 Nd7 85.
Bh7 Ne5 86. Bg3 Nf3+ 87. Kd1 d3 88. Bf4 0-1

[Event "Olympiad-41"]
[Site "Tromsoe"]
[Date "2014.08.09"]
[Round "7.2"]
[White "Filippov, Anton"]
[Black "Kamsky, Gata"]
[Result "1/2-1/2"]
[WhiteElo "2615"]
[BlackElo "2706"]
[PlyCount "140"]
[EventDate "2014.08.02"]
[EventType "team-swiss"]
[EventRounds "11"]
[EventCountry "NOR"]
[SourceTitle "CBM 162"]
[Source "ChessBase"]
[SourceDate "2014.09.17"]
[SourceVersion "1"]
[SourceVersionDate "2014.09.17"]
[SourceQuality "1"]
[WhiteTeam "Uzbekistan"]
[BlackTeam "US of America"]
[WhiteTeamCountry "UZB"]
[BlackTeamCountry "USA"]

1. d4 Nf6 2. c4 e6 3. Nc3 Bb4 4. e3 O-O 5. Nge2 d5 6. a3 Bd6 7. c5 Be7 8. b4 c6
9. Bb2 Nbd7 10. Nc1 Qc7 11. f4 b6 12. Bd3 a5 13. Qe2 axb4 14. axb4 Rxa1 15.
Bxa1 Bb7 16. Nb3 Ra8 17. O-O Qc8 18. g4 Ba6 19. Bxa6 Rxa6 20. g5 Ne8 21. Bb2
Ra8 22. Nc1 Nc7 23. h4 Qa6 24. Qxa6 Rxa6 25. Nd3 f6 26. Rc1 b5 27. Kf2 Kf7 28.
Rg1 g6 29. Kf3 Ne8 30. Ne2 Ng7 31. Ng3 Ra2 32. Kg4 Nb8 33. Ra1 Rxa1 34. Bxa1
Nd7 35. Bc3 Bd8 36. Ne1 Ne8 37. Nf3 Kg7 38. h5 f5+ 39. Kh3 h6 40. gxh6+ Kxh6
41. hxg6 Kxg6 42. Ne5+ Nxe5 43. dxe5 d4 44. Bxd4 Nc7 45. Bc3 Nd5 46. Bd2 Kf7
47. Ne2 Ke8 48. Nd4 Kd7 49. Nc2 Be7 50. Be1 Ke8 51. Kg2 Bf8 52. Kg3 Be7 53. Kf3
Bf8 54. e4 Ne7 55. Ne3 Bh6 56. Nc2 fxe4+ 57. Kxe4 Nf5 58. Na1 Bf8 59. Nb3 Bh6
60. Na5 Kd7 61. Nb7 Bf8 62. Nd6 Bxd6 63. cxd6 Nh6 64. Bh4 Nf5 65. Bf2 Nh6 66.
Kf3 Nf5 67. Kg4 Nh6+ 68. Kg5 Nf5 69. Kg6 Ke8 70. Kf6 Kd7 1/2-1/2

[Event "Olympiad-41"]
[Site "Tromsoe"]
[Date "2014.08.10"]
[Round "8.2"]
[White "Kamsky, Gata"]
[Black "Almasi, Zoltan"]
[Result "1/2-1/2"]
[WhiteElo "2706"]
[BlackElo "2690"]
[PlyCount "72"]
[EventDate "2014.08.02"]
[EventType "team-swiss"]
[EventRounds "11"]
[EventCountry "NOR"]
[SourceTitle "CBM 162"]
[Source "ChessBase"]
[SourceDate "2014.09.17"]
[SourceVersion "1"]
[SourceVersionDate "2014.09.17"]
[SourceQuality "1"]
[WhiteTeam "US of America"]
[BlackTeam "Hungary"]
[WhiteTeamCountry "USA"]
[BlackTeamCountry "HUN"]

1. d4 Nf6 2. Nf3 e6 3. Bf4 c5 4. e3 b6 5. c3 Bb7 6. Nbd2 Be7 7. h3 O-O 8. Bd3
d5 9. Ne5 Ne4 10. Qc2 f6 11. Nef3 f5 12. Ne5 Nc6 13. Ndf3 c4 14. Be2 b5 15. O-O
a5 16. Nxc6 Bxc6 17. Ne5 Be8 18. f3 Nd6 19. a3 Ra7 20. Qd2 a4 21. Bd1 Bf6 22.
Bc2 g5 23. Bh2 h5 24. Rae1 h4 25. e4 dxe4 26. fxe4 f4 27. Ng4 Bg7 28. Kh1 Bg6
29. Bg1 Rd7 30. Qe2 Re8 31. e5 Bxc2 32. Qxc2 Nf5 33. Bf2 Rf8 34. Kg1 Qe8 35.
Rd1 Rd5 36. Rfe1 Qg6 1/2-1/2

[Event "Olympiad-41"]
[Site "Tromsoe"]
[Date "2014.08.11"]
[Round "9.2"]
[White "Meier, Georg"]
[Black "Kamsky, Gata"]
[Result "1-0"]
[WhiteElo "2646"]
[BlackElo "2706"]
[Annotator "Meier,Georg"]
[PlyCount "55"]
[EventDate "2014.08.02"]
[EventType "team-swiss"]
[EventRounds "11"]
[EventCountry "NOR"]
[SourceTitle "CBM 162"]
[Source "ChessBase"]
[SourceDate "2014.09.17"]
[SourceVersion "1"]
[SourceVersionDate "2014.09.17"]
[SourceQuality "1"]
[WhiteTeam "Germany"]
[BlackTeam "US of America"]
[WhiteTeamCountry "GER"]
[BlackTeamCountry "USA"]

1. d4 d5 2. c4 c6 3. Nf3 Nf6 4. e3 g6 {Kamsky keeps on trying to reach the
same pawn structures. It is astonishing that he does not come under pressure
out of the opening more often since the computer is of little help with the
sort of positions he prefers.  Kamsky strebt immer wieder die gleichen
Bauernstrukturen an. Erstaunlich ist, dass er aus der Eröffnung heraus gar
nicht so oft unter Druck gerät, da der Computer keine große Stütze bei seinen
bevorzugten Stellungstypen ist.} 5. Nc3 Bg7 6. Be2 O-O 7. O-O Qb6 {This
prevents Qd1-b3 for the future. In terms of popularity it is the 11th move in
this position! Black can literally try out every legal move without being in
any great trouble. In preparation I limited my focus and amusingly completely
ignored ...Qb6, although Kamsky had played it quite often! It must however
have been in my favour that I had a fresh look at the position. Unterbindet
Qd1-b3 für die Zukunft. Nach Popularität ist der Textzug Nr. 11 in dieser
Stellung! Schwarz kann buchstäblich jeden legalen Zug ausprobieren ohne in
größere Nöte zu kommen. Ich beschränkte meinen Fokus in der Vorbereitung und
ignorierte ...Qb6 witzigerweise völlig, obwohl Kamsky schon öfter so gespielt
hatte! Es sollte mir jedoch zugute kommen einen frischen Blick auf die
Stellung zu haben.} (7... Bg4 8. cxd5 cxd5 9. Qb3 {shows something of the
motivation of the previous move. zeigt, woher die Motivation des letzten Zuges
rührt.}) 8. Ne5 {Surprisingly almost an innovation. White usually contents
himself with a slight advantage after b2-b3, but I wanted more out of the
position and to punish Qb6, instead of "just" completing my development and
insisting on an advantage in space, since that is usually not enough against
Gata. Überraschenderweise fast eine Neuerung. Meistens gibt Weiß sich mit
etwas Vorteil nach b2-b3 zufrieden, aber ich wollte mehr aus der Stellung
herausholen und Qb6 bestrafen, anstatt "nur" die Entwicklung zu beenden und
auf etwas Raumvorteil zu pochen, denn das ist meist nicht genug gegen Gata.}
Be6 {Another artificial looking move,but Black is now ready to continue his
development with Nbd7 and at the correct moment to resolve the tension in the
centre and exchange pieces. Noch ein künstlich anmutender Zug, aber Schwarz
ist nun bereit sich mit Nbd7 weiterzuentwickeln und im rechten Moment die
Spannung im Zentrum nebst Figurentausch zu lösen.} ({After Nach} 8... Nbd7 9.
f4 {Black cannot free himself. kann sich Schwarz nicht befreien}) 9. Na4 $1 Qc7
10. Nc5 Bf5 11. cxd5 cxd5 12. Bd2 {With 9.Na4 I was confident as to my
prospects in this position. Black cannot shake off the pressure, since another
important tempo will be won with Rc1. Ich vertraute bei 9.Na4 auf meine
Aussichten in dieser Stellung. Schwarz kann den Druck nicht abschütteln, da
mit Rc1 noch ein wichtiges Tempo gewonnen wird.} Ne4 (12... Nbd7 13. Nexd7 Nxd7
14. Rc1 Nxc5 15. Rxc5 Qd7 16. Qb3 Rfd8 17. Rfc1 Rac8 {starts to look drawish,
but my intuition was correct, since sieht bereits remislich aus, aber meine
Intuition lag richtig, denn} 18. Bb5 $1 Qe6 19. Bf1 $1 {- so that after
general exchanges on c8 and the capture on d5 no counterplay with Qc8-c2 can
follow - - damit nach Generalabtausch auf c8 und Schlagen auf d5 kein
Gegenspiel mit Qc8-c2 folgt -} Rxc5 20. Rxc5 Qd7 21. Bb5 Qe6 22. Rc7 {results
in a tangible advantage. ergibt greifbaren Vorteil.}) 13. Nxe4 Bxe4 14. Rc1 Qb6
15. Bc3 {Black has difficulties continuing his development. Schwarz hat
Schwierigkeiten die Entwicklung fortzusetzen.} Bf5 16. Qa4 a5 {Now Black would
like to continue...Nc6 and ...bxc6, then defend the Pc6 with ...Bd7and play
e7-e5, after which the position would be tenable. Nun möchte Schwarz ...Nc6
und ...bxc6 folgen lassen, danach den Pc6 mit ...Bd7 verteidigen und e7-e5
spielen, wonach die Stellung haltbar wäre.} ({The alternatives Die Alternativen
} 16... f6 17. Nd3 Bxd3 18. Bxd3 Nc6 19. Rc2) ({and sowie} 16... Nc6 17. Nxc6
Qxc6 (17... bxc6 18. Bb4) 18. Qxc6 bxc6 19. Ba5 e5 20. dxe5 Bxe5 21. b4 Bd7 22.
Rfd1 {appear very promising for White erscheinen vielversprechend für Weiß})
17. Bb5 {Straightforward. Geradlinig.} ({The more subtle Das subtilere} 17. Bf3
e6 18. Be2 {was also worth considering. kam ebenso in Frage.}) 17... Rd8 (17...
Rc8 18. Bd2 $1 Rxc1 19. Rxc1 Bxe5 20. dxe5 Nc6 21. Bc3 Rc8 22. Bf1 {sees Black
without any counterplay and subjected to a hemming in of his king, with Qf4
followed by an advance on the kingside. sieht Schwarz ohne Gegenspiel und
einer baldigen Einkreisung seines Königs ausgesetzt, mit Qf4 und folgendem
Aufmarsch am Königsflügel.}) 18. Rfd1 f6 {This is a tragic necessity.  Bereits
traurige Notwendigkeit.} 19. Nd3 Bd7 (19... Bg4 20. Re1 Bd7 21. Bxd7 Nxd7 22.
e4) 20. Bxd7 Nxd7 21. Be1 $1 {Preparing to double on the c-file. Bereitet die
Verdoppelung auf der c-Linie vor.} e5 (21... e6 22. Rc3 Bf8 23. Rdc1 Bd6 24.
Rb3 Qa7 25. g3 Kf7 26. Kg2 $16 {sees Black left with no sensible moves and
condemned to wait and see... sieht Schwarz ohne sinnvolle Züge und zum
Abwarten verdammt.}) 22. dxe5 fxe5 {The pawn on d5 is left completely hanging,
which quickly led me to the solution.  Der Bauer auf d5 hängt völlig in der
Luft, was mich schnell zur Lösung führte.} 23. b4 $1 axb4 24. Qb3 {Now all the
white pieces are ready to strike. It should hardly be possible for Black to
hold his own. Nun sind alle weißen Figuren bereit einzugreifen. Schwarz sollte
sich kaum halten können.} Qb5 (24... Nf6 25. Nxe5 Ra3 26. Qb1) 25. Bxb4 Kh8 (
25... Nb6 26. Nc5) 26. Rc7 $2 {Played quickly since I first thought that
following move was impossible. Otherwise I would have preferred Schnell
gespielt, da ich zunächst dachte dass der folgende Zug nicht möglich ist.
Sonst würde ich} (26. h3 $1 {, after which Black simply does not have a good
move! My best creative performance in the Olympiad might have been crowned by
a better end after bevorzugen, wonach Schwarz einfach keinen guten Zug hat!
Meine schöpferisch beste Leistung bei der Olympiade hätte nach} Bf8 $8 (26...
Rac8 27. a4 Qa6 28. Be7 Rxc1 29. Rxc1 Re8 30. Ba3 $18) (26... Bf6 27. Nxe5 Bxe5
(27... Nxe5 28. Be7) 28. Rxd5 $18) (26... h6 27. Rc7 Rac8 28. a4 Qa6 29. Qc2
Rxc7 30. Qxc7 Bf6 31. a5 d4 32. exd4 exd4 33. Re1 Qxd3 34. Be7 $18) 27. Bxf8
Qxb3 28. axb3 Rxf8 29. Rc7 {. ein logischeres Ende finden können.}) 26... Rac8
27. Rdc1 (27. a4 Qa6 28. Rxc8 (28. Qc2 Rxc7 29. Qxc7 Bf6) 28... Rxc8 29. Qxd5
Qxa4 {is what I initially missed. war mir eingangs entgangen.}) 27... Nb6 $4 ({
After Nach} 27... Rxc7 28. Rxc7 Qb6 29. Rc1 {Black remains under pressure for
a long time, but he has prospects of holding out. bleibt Schwarz noch lange
unter Druck, aber mit Aussicht sich zu halten.}) 28. Bf8 1-0

[Event "USA tt"]
[Site "ICC INT"]
[Date "2014.09.02"]
[Round "2"]
[White "Ivanov, Alexander"]
[Black "Kamsky, Gata"]
[Result "1/2-1/2"]
[WhiteElo "2513"]
[BlackElo "2706"]
[PlyCount "81"]
[EventDate "2014.08.26"]
[EventType "team-tourn"]
[EventRounds "10"]
[EventCountry "USA"]
[SourceTitle "CBM 162 Extra"]
[Source "ChessBase"]
[SourceDate "2014.10.17"]
[SourceVersion "1"]
[SourceVersionDate "2014.10.17"]
[SourceQuality "1"]
[WhiteTeam "New England"]
[BlackTeam "New York"]
[WhiteTeamCountry "USA"]
[BlackTeamCountry "USA"]

1. e4 e6 2. d4 d5 3. exd5 exd5 4. Nf3 Nf6 5. Bd3 Be7 6. h3 O-O 7. O-O Nbd7 8.
Re1 Re8 9. Bf4 c6 10. c3 Bf8 11. Nbd2 g6 12. Qc2 a5 13. a4 Bg7 14. Nf1 Nf8 15.
Rxe8 Nxe8 16. Qd2 Nd6 17. Re1 Be6 18. Ng5 Qd7 19. Nxe6 Nxe6 20. Be5 f6 21. Bg3
Re8 22. Nh2 f5 23. Bxd6 Qxd6 24. Nf3 Re7 25. Bc2 Bf6 26. g3 Kg7 27. Kg2 b6 28.
Bb3 Nd8 29. Rxe7+ Qxe7 30. Qe1 Qxe1 31. Nxe1 Kf8 32. Nd3 Ke7 33. f4 Kd6 34. Kf3
Ne6 35. Ne5 Bg7 36. Ke3 c5 37. h4 cxd4+ 38. cxd4 Nd8 39. Bd1 Nc6 40. Nxc6 Kxc6
41. h5 1/2-1/2

[Event "USA tt"]
[Site "ICC INT"]
[Date "2014.09.09"]
[Round "3"]
[White "Kamsky, Gata"]
[Black "Becerra Rivero, Julio"]
[Result "1/2-1/2"]
[WhiteElo "2706"]
[BlackElo "2551"]
[PlyCount "116"]
[EventDate "2014.08.26"]
[EventType "team-tourn"]
[EventRounds "10"]
[EventCountry "USA"]
[SourceTitle "CBM 162 Extra"]
[Source "ChessBase"]
[SourceDate "2014.10.17"]
[SourceVersion "1"]
[SourceVersionDate "2014.10.17"]
[SourceQuality "1"]
[WhiteTeam "New York"]
[BlackTeam "Miami"]
[WhiteTeamCountry "USA"]
[BlackTeamCountry "USA"]

1. d4 Nf6 2. Nf3 g6 3. Bf4 Bg7 4. c3 b6 5. e3 Bb7 6. h3 O-O 7. Be2 d6 8. O-O
Nbd7 9. Bh2 c5 10. a4 a6 11. Qb3 Ra7 12. Nbd2 Qa8 13. Rfd1 Bc6 14. Qa3 Rc8 15.
Bf1 Bf8 16. Ne1 Qb7 17. Nd3 Raa8 18. dxc5 bxc5 19. b4 cxb4 20. cxb4 Nb6 21. Nb2
Bd5 22. a5 Nbd7 23. Na4 Bg7 24. Rab1 Ne4 25. b5 Nxd2 26. Rxd2 Be4 27. Rb4 axb5
28. Rxb5 Qc6 29. f3 Bf5 30. Bf4 Be6 31. Qd3 Rcb8 32. Rc2 Qxb5 33. Qxb5 Rxb5 34.
Bxb5 Rxa5 35. Bxd7 Bxd7 36. Rc7 Rxa4 37. Rxd7 Bf6 38. Bh6 Ra8 39. g4 Re8 40.
Kg2 Bg7 41. Bf4 f6 42. Rb7 Bf8 43. e4 Ra8 44. Kf2 Ra2+ 45. Kf1 Ra5 46. Kf2 h5
47. Kg2 Ra2+ 48. Kg1 Ra1+ 49. Kg2 Rd1 50. gxh5 gxh5 51. Kf2 h4 52. Kg2 Kf7 53.
Be3 Ke6 54. Rb5 d5 55. Rxd5 Rxd5 56. exd5+ Kxd5 57. Bf2 e5 58. Bxh4 Ke6 1/2-1/2

[Event "USA tt"]
[Site "ICC INT"]
[Date "2014.09.23"]
[Round "5"]
[White "Lenderman, Aleksandr"]
[Black "Kamsky, Gata"]
[Result "1-0"]
[WhiteElo "2601"]
[BlackElo "2706"]
[PlyCount "105"]
[EventDate "2014.08.26"]
[EventType "team-tourn"]
[EventRounds "10"]
[EventCountry "USA"]
[SourceTitle "CBM 162 Extra"]
[Source "ChessBase"]
[SourceDate "2014.10.17"]
[SourceVersion "1"]
[SourceVersionDate "2014.10.17"]
[SourceQuality "1"]
[WhiteTeam "Connecticut"]
[BlackTeam "New York"]
[WhiteTeamCountry "USA"]
[BlackTeamCountry "USA"]

1. d4 Nf6 2. c4 e6 3. Nf3 b6 4. a3 Bb7 5. Nc3 d5 6. Bg5 Be7 7. Qa4+ c6 8. Bxf6
Bxf6 9. cxd5 exd5 10. g3 O-O 11. Bg2 Nd7 12. O-O Re8 13. Rfd1 Qe7 14. Qc2 a5
15. Re1 c5 16. Rad1 Rad8 17. e3 g6 18. Re2 Bg7 19. dxc5 Nxc5 20. Nd4 Ne4 21.
Qb3 Nxc3 22. Qxc3 Ba6 23. Red2 Bc4 24. Qc2 Rc8 25. Qa4 Rc5 26. Re1 Rec8 27. Qd1
h5 28. h4 Qe8 29. Qb1 a4 30. Kh2 R8c7 31. Qd1 Rc8 32. Bf3 b5 33. Kg2 Rb8 34. g4
hxg4 35. Bxg4 b4 36. h5 g5 37. h6 Bf6 38. Bf5 bxa3 39. bxa3 Ba6 40. Qf3 Rb6 41.
Rb1 Qd8 42. Rxb6 Qxb6 43. Be6 Qd8 44. h7+ Kh8 45. Bxf7 Rc1 46. Rd1 Rxd1 47.
Qxd1 Qe7 48. Bxd5 Qxa3 49. Qh5 Qf8 50. Qg6 Bg7 51. Qxa6 Bxd4 52. exd4 Kxh7 53.
Qxa4 1-0

[Event "USA tt"]
[Site "ICC INT"]
[Date "2014.09.30"]
[Round "6"]
[White "Kamsky, Gata"]
[Black "Ivanov, Alexander"]
[Result "1-0"]
[WhiteElo "2706"]
[BlackElo "2513"]
[PlyCount "79"]
[EventDate "2014.08.26"]
[EventType "team-tourn"]
[EventRounds "10"]
[EventCountry "USA"]
[SourceTitle "CBM 162 Extra"]
[Source "ChessBase"]
[SourceDate "2014.10.17"]
[SourceVersion "1"]
[SourceVersionDate "2014.10.17"]
[SourceQuality "1"]
[WhiteTeam "New York"]
[BlackTeam "New England"]
[WhiteTeamCountry "USA"]
[BlackTeamCountry "USA"]

1. e4 e5 2. Nf3 Nc6 3. Bb5 a6 4. Ba4 Nf6 5. O-O Be7 6. d3 d6 7. c3 O-O 8. h3 b5
9. Bc2 d5 10. Nbd2 dxe4 11. dxe4 Bc5 12. a4 Ba7 13. Kh2 Ne8 14. axb5 axb5 15.
Nb3 Qxd1 16. Rxd1 Bb7 17. Be3 Bxe3 18. fxe3 Nd6 19. Nc5 Rxa1 20. Rxa1 Ra8 21.
Rd1 Bc8 22. Bb3 Rb8 23. Bd5 Nd8 24. Nxe5 Be6 25. Ra1 g6 26. Ra7 Rc8 27. b4 Bxd5
28. exd5 f6 29. Ned7 f5 30. g4 N8f7 31. gxf5 gxf5 32. Kg3 c6 33. Nb6 Re8 34.
dxc6 Rxe3+ 35. Kf2 Rxc3 36. c7 Rxh3 37. Ne6 h6 38. Nd5 Ne4+ 39. Kg2 Rg3+ 40.
Kh2 1-0

[Event "USA tt"]
[Site "ICC INT"]
[Date "2014.10.07"]
[Round "7"]
[White "Sadorra, Julio Catalino"]
[Black "Kamsky, Gata"]
[Result "0-1"]
[WhiteElo "2590"]
[BlackElo "2706"]
[PlyCount "70"]
[EventDate "2014.08.26"]
[EventType "team-tourn"]
[EventRounds "10"]
[EventCountry "USA"]
[SourceTitle "CBM 162 Extra"]
[Source "ChessBase"]
[SourceDate "2014.10.17"]
[SourceVersion "1"]
[SourceVersionDate "2014.10.17"]
[SourceQuality "1"]
[WhiteTeam "Dallas"]
[BlackTeam "New York"]
[WhiteTeamCountry "USA"]
[BlackTeamCountry "USA"]

1. d4 f5 2. Nc3 Nf6 3. Bg5 d5 4. f3 c6 5. Qd3 b5 6. a3 e6 7. e4 Be7 8. Nge2 O-O
9. exf5 exf5 10. Ng3 Ne8 11. Bf4 g5 12. Be5 Nd7 13. O-O-O Nxe5 14. dxe5 Ng7 15.
Nge2 a5 16. Nd4 Qe8 17. Nxc6 Qxc6 18. Nxd5 Ra7 19. Qxb5 Qxb5 20. Bxb5 Be6 21.
c4 f4 22. h4 g4 23. Nxe7+ Rxe7 24. Rd4 Bf5 25. Rd5 g3 26. Rhd1 Be6 27. Rd6 Nf5
28. c5 Bb3 29. R1d3 Rxe5 30. Rc6 a4 31. Kd2 Nxh4 32. Rc7 Nxg2 33. Rdd7 Rd5+ 34.
Kc3 Rxd7 35. Rxd7 Ne3 0-1

[Event "USA tt"]
[Site "ICC INT"]
[Date "2014.10.14"]
[Round "8"]
[White "Kamsky, Gata"]
[Black "Stripunsky, Alexander"]
[Result "1/2-1/2"]
[WhiteElo "2706"]
[BlackElo "2549"]
[PlyCount "81"]
[EventDate "2014.08.26"]
[EventType "team-tourn"]
[EventRounds "10"]
[EventCountry "USA"]
[SourceTitle "EXT 2015"]
[Source "ChessBase"]
[SourceDate "2014.11.20"]
[SourceVersion "1"]
[SourceVersionDate "2014.11.20"]
[SourceQuality "1"]
[WhiteTeam "New York"]
[BlackTeam "New Jersey"]
[WhiteTeamCountry "USA"]
[BlackTeamCountry "USA"]

1. d4 d5 2. c4 Nc6 3. Nc3 dxc4 4. Nf3 Nf6 5. d5 Na5 6. Bf4 e6 7. Qa4+ c6 8.
dxc6 Nxc6 9. Ne5 Bd7 10. Nxd7 Nxd7 11. O-O-O a6 12. Qxc4 Rc8 13. Kb1 Bb4 14.
Ne4 O-O 15. e3 Qa5 16. Qb3 Nb6 17. a3 Be7 18. Be2 Nd5 19. Bg3 b5 20. Nd6 Bxd6
21. Bxd6 Rfd8 22. e4 Rxd6 23. exd5 exd5 24. Bf3 d4 25. Rhe1 Qd8 26. Qd3 g6 27.
Bxc6 Rcxc6 28. Re4 Rc4 29. f4 Qd7 30. Rde1 Rc7 31. h3 Kg7 32. g4 a5 33. Rd1 Rc4
34. f5 Qc6 35. Re5 Rd5 36. Qe4 Rxe5 37. Qxe5+ Kg8 38. Qb8+ Kg7 39. Qe5+ Kg8 40.
Qb8+ Kg7 41. Qe5+ 1/2-1/2